[Event "Grand Swiss "]
[Date "2025.09.05"]
[White "Moussard, Jules"]
[Black "Saric, Ivan"]
[WhiteElo "2591"]
[BlackElo "2655"]
[Round "2.2.40"]
[Result "1-0"]

1. e4 {[%clk 01:40:57] [%emt 00:00:03]} c5 {[%clk 01:40:56] [%emt 00:00:05]} 2.
Nf3 {[%clk 01:41:22] [%emt 00:00:04]} Nc6 {[%clk 01:41:13] [%emt 00:00:14]} 3.
Bb5 {[%clk 01:41:45] [%emt 00:00:07]} g6 {[%clk 01:41:36] [%emt 00:00:07]} 4.
Bxc6 {[%clk 01:41:59] [%emt 00:00:16]} bxc6 {[%clk 01:41:43] [%emt 00:00:23]} 5.
O-O {[%clk 01:41:59] [%emt 00:00:30]} Bg7 {[%clk 01:42:08] [%emt 00:00:06]} 6.
Re1 {[%clk 01:41:59] [%emt 00:00:29]} Qc7 {[%clk 01:41:46] [%emt 00:00:52]} 7.
h3 {[%clk 01:39:06] [%emt 00:03:23]} d6 {[%clk 01:40:19] [%emt 00:01:58]} 8. Na3
{[%clk 01:38:26] [%emt 00:01:10]} Nh6 {[%clk 01:39:58] [%emt 00:00:50]} 9. c3
{[%clk 01:36:09] [%emt 00:02:47]} f5 {[%clk 01:32:57] [%emt 00:07:31]} 10. d3
{[%clk 01:34:11] [%emt 00:02:28]} Nf7 {[%clk 01:29:52] [%emt 00:03:35]} 11. d4
{[%clk 01:15:51] [%emt 00:18:50]} fxe4 {[%clk 01:16:16] [%emt 00:14:05]} 12.
Rxe4 {[%clk 01:16:06] [%emt 00:00:16]} cxd4 {[%clk 01:12:57] [%emt 00:03:49]}
13. cxd4 {[%clk 01:16:06] [%emt 00:00:29]} Bf5 {[%clk 01:11:47] [%emt 00:01:41]}
14. Re1 {[%clk 01:10:50] [%emt 00:05:46]} O-O {[%clk 01:10:16] [%emt 00:02:02]}
15. Bf4 {[%clk 01:08:53] [%emt 00:02:27]} Rab8 {[%clk 01:07:45] [%emt 00:03:02]}
16. Nc4 {[%clk 01:06:05] [%emt 00:03:17]} Nd8 {[%clk 00:44:56] [%emt 00:23:20]}
17. Rc1 {[%clk 00:33:42] [%emt 00:32:53]} Be6 {[%clk 00:34:55] [%emt 00:10:31]}
18. Bg5 {[%clk 00:31:58] [%emt 00:02:15]} Rb5 {[%clk 00:32:28] [%emt 00:02:57]}
19. a4 {[%clk 00:29:10] [%emt 00:03:17]} Rbf5 {[%clk 00:30:50] [%emt 00:02:08]}
20. Ne3 {[%clk 00:28:34] [%emt 00:01:06]} Rxf3 {[%clk 00:29:16] [%emt 00:02:05]}
21. gxf3 {[%clk 00:28:53] [%emt 00:00:11]} Nf7 {[%clk 00:25:06] [%emt 00:04:40]}
22. Bh4 {[%clk 00:28:21] [%emt 00:01:02]} Qd7 {[%clk 00:24:02] [%emt 00:01:34]}
23. d5 {[%clk 00:25:15] [%emt 00:03:36]} cxd5 {[%clk 00:21:11] [%emt 00:03:21]}
24. Nxd5 {[%clk 00:24:45] [%emt 00:00:58]} Bxd5 {[%clk 00:10:59] [%emt
00:10:43]} 25. Qxd5 {[%clk 00:24:07] [%emt 00:01:08]} e5 {[%clk 00:07:53] [%emt
00:03:37]} 26. Kg2 {[%clk 00:22:41] [%emt 00:01:55]} Kh8 {[%clk 00:07:47] [%emt
00:00:36]} 27. Rc4 {[%clk 00:21:55] [%emt 00:01:16]} Nh6 {[%clk 00:07:06] [%emt
00:01:12]} 28. Bg3 {[%clk 00:19:36] [%emt 00:02:49]} Nf5 {[%clk 00:03:15] [%emt
00:04:21]} 29. Bxe5 {[%clk 00:18:24] [%emt 00:01:42]} Bxe5 {[%clk 00:03:40]
[%emt 00:00:05]} 30. Rxe5 {[%clk 00:18:51] [%emt 00:00:03]} g5 {[%clk 00:03:46]
[%emt 00:00:24]} 31. Kh2 {[%clk 00:12:23] [%emt 00:06:58]} Nh4 {[%clk 00:03:09]
[%emt 00:01:08]} 32. Re3 {[%clk 00:09:37] [%emt 00:03:15]} Qg7 {[%clk 00:02:59]
[%emt 00:00:39]} 33. Rcc3 {[%clk 00:08:12] [%emt 00:01:55]} Qf6 {[%clk 00:03:01]
[%emt 00:00:28]} 34. Kg1 {[%clk 00:08:34] [%emt 00:00:09]} Ng6 {[%clk 00:02:30]
[%emt 00:01:01]} 35. Re6 {[%clk 00:08:16] [%emt 00:00:48]} Qf4 {[%clk 00:02:47]
[%emt 00:00:13]} 36. Qxd6 {[%clk 00:07:25] [%emt 00:01:21]} Qf5 {[%clk 00:02:58]
[%emt 00:00:19]} 37. Qd4+ {[%clk 00:07:34] [%emt 00:00:20]} Kg8 {[%clk 00:03:18]
[%emt 00:00:10]} 38. Rc7 {[%clk 00:07:40] [%emt 00:00:24]} 1-0

[Site "Europe Echecs"]

[Event "Grand Swiss "]
[Date "2025.09.05"]
[White "Sargsyan, Shant"]
[Black "Narayanan S L"]
[WhiteElo "2653"]
[BlackElo "2591"]
[Round "2.2.41"]
[Result "1/2-1/2"]

1. e4 {[%clk 01:39:53] [%emt 00:01:06]} c5 {[%clk 01:40:38] [%emt 00:00:23]} 2.
Nf3 {[%clk 01:40:01] [%emt 00:00:22]} Nc6 {[%clk 01:41:02] [%emt 00:00:06]} 3.
Bb5 {[%clk 01:39:46] [%emt 00:00:46]} e6 {[%clk 01:41:24] [%emt 00:00:07]} 4.
O-O {[%clk 01:39:57] [%emt 00:00:19]} Nge7 {[%clk 01:41:33] [%emt 00:00:21]} 5.
Re1 {[%clk 01:40:11] [%emt 00:00:17]} h6 {[%clk 01:41:49] [%emt 00:00:15]} 6. c3
{[%clk 01:37:54] [%emt 00:02:47]} a6 {[%clk 01:41:51] [%emt 00:00:27]} 7. Ba4
{[%clk 01:35:24] [%emt 00:03:01]} b5 {[%clk 01:42:13] [%emt 00:00:08]} 8. Bc2
{[%clk 01:35:48] [%emt 00:00:06]} Bb7 {[%clk 01:42:32] [%emt 00:00:10]} 9. d4
{[%clk 01:34:23] [%emt 00:01:55]} cxd4 {[%clk 01:42:54] [%emt 00:00:08]} 10.
cxd4 {[%clk 01:34:48] [%emt 00:00:06]} Rc8 {[%clk 01:43:15] [%emt 00:00:09]} 11.
Nc3 {[%clk 01:34:01] [%emt 00:01:18]} Ng6 {[%clk 01:43:26] [%emt 00:00:18]} 12.
g3 {[%clk 01:25:20] [%emt 00:09:11]} Bd6 {[%clk 01:34:35] [%emt 00:09:20]} 13.
h4 {[%clk 01:23:55] [%emt 00:01:56]} O-O {[%clk 01:32:10] [%emt 00:02:54]} 14.
a3 {[%clk 01:20:24] [%emt 00:04:02]} Bb8 {[%clk 01:30:30] [%emt 00:02:10]} 15.
Be3 {[%clk 01:09:24] [%emt 00:11:30]} Na5 {[%clk 01:22:48] [%emt 00:08:12]} 16.
Nd2 {[%clk 00:49:32] [%emt 00:20:22]} Nxh4 {[%clk 01:10:18] [%emt 00:13:00]} 17.
gxh4 {[%clk 00:43:17] [%emt 00:06:45]} Qxh4 {[%clk 01:10:17] [%emt 00:00:30]}
18. Kg2 {[%clk 00:34:20] [%emt 00:09:28]} Qh2+ {[%clk 00:56:29] [%emt 00:14:16]}
19. Kf3 {[%clk 00:34:41] [%emt 00:00:10]} Qh5+ {[%clk 00:51:59] [%emt 00:05:00]}
20. Kg2 {[%clk 00:35:06] [%emt 00:00:06]} Qh2+ {[%clk 00:52:22] [%emt 00:00:07]}
21. Kf3 {[%clk 00:35:32] [%emt 00:00:04]} Qh5+ {[%clk 00:51:29] [%emt 00:01:23]}
22. Kg2 {[%clk 00:35:57] [%emt 00:00:05]} Qh2+ {[%clk 00:51:50] [%emt 00:00:08]}
23. Kf3 {[%emt 00:00:29]} 1/2-1/2

[Site "Europe Echecs"]

[Event "Grand Swiss "]
[Date "2025.09.05"]
[White "Bjerre, Jonas Buhl"]
[Black "Gumularz, Szymon"]
[WhiteElo "2651"]
[BlackElo "2590"]
[Round "2.2.42"]
[Result "0-1"]

1. e4 {[%clk 01:40:56] [%emt 00:00:03]} e5 {[%clk 01:40:54] [%emt 00:00:07]} 2.
Nf3 {[%clk 01:41:20] [%emt 00:00:06]} Nc6 {[%clk 01:41:20] [%emt 00:00:05]} 3.
Bb5 {[%clk 01:41:43] [%emt 00:00:07]} Nf6 {[%clk 01:41:34] [%emt 00:00:16]} 4.
d3 {[%clk 01:41:51] [%emt 00:00:22]} d6 {[%clk 01:41:55] [%emt 00:00:09]} 5. d4
{[%clk 01:40:34] [%emt 00:01:47]} Bd7 {[%clk 01:38:43] [%emt 00:03:43]} 6. d5
{[%clk 01:38:58] [%emt 00:02:06]} Ne7 {[%clk 01:37:42] [%emt 00:01:30]} 7. Bd3
{[%clk 01:38:35] [%emt 00:00:54]} Ng6 {[%clk 01:35:53] [%emt 00:02:19]} 8. c4
{[%clk 01:21:09] [%emt 00:17:56]} Be7 {[%clk 01:35:42] [%emt 00:00:40]} 9. Nc3
{[%clk 01:18:31] [%emt 00:03:08]} O-O {[%clk 01:34:24] [%emt 00:01:46]} 10. g3
{[%clk 01:12:28] [%emt 00:06:35]} c6 {[%clk 01:31:59] [%emt 00:02:56]} 11. a4
{[%clk 01:08:05] [%emt 00:04:52]} Rc8 {[%clk 01:28:27] [%emt 00:04:02]} 12. h3
{[%clk 00:58:56] [%emt 00:09:39]} Qc7 {[%clk 01:09:05] [%emt 00:19:52]} 13. Be3
{[%clk 00:55:54] [%emt 00:03:32]} Qb8 {[%clk 01:09:29] [%emt 00:00:07]} 14. a5
{[%clk 00:51:26] [%emt 00:04:59]} Bd8 {[%clk 01:08:50] [%emt 00:01:08]} 15. Qb3
{[%clk 00:47:37] [%emt 00:04:19]} cxd5 {[%clk 01:04:05] [%emt 00:05:16]} 16.
cxd5 {[%clk 00:47:53] [%emt 00:00:14]} b5 {[%clk 01:03:43] [%emt 00:00:52]} 17.
axb6 {[%clk 00:44:52] [%emt 00:03:31]} Bxb6 {[%clk 01:03:47] [%emt 00:00:25]}
18. Bxb6 {[%clk 00:43:38] [%emt 00:01:45]} axb6 {[%clk 01:03:31] [%emt
00:00:46]} 19. Nd2 {[%clk 00:41:12] [%emt 00:02:56]} Be8 {[%clk 00:53:55] [%emt
00:10:06]} 20. O-O {[%clk 00:34:56] [%emt 00:06:45]} Bd7 {[%clk 00:45:12] [%emt
00:09:13]} 21. Kh2 {[%clk 00:30:06] [%emt 00:05:19]} Rc5 {[%clk 00:38:40] [%emt
00:07:03]} 22. Rfc1 {[%clk 00:28:06] [%emt 00:02:30]} h5 {[%clk 00:34:58] [%emt
00:04:11]} 23. Qa3 {[%clk 00:24:11] [%emt 00:04:26]} b5 {[%clk 00:32:05] [%emt
00:03:22]} 24. Qb4 {[%clk 00:20:37] [%emt 00:04:04]} h4 {[%clk 00:23:43] [%emt
00:08:52]} 25. Nb3 {[%clk 00:18:28] [%emt 00:02:38]} Rc7 {[%clk 00:23:48] [%emt
00:00:25]} 26. Nd1 {[%clk 00:15:19] [%emt 00:03:39]} Rxc1 {[%clk 00:21:05] [%emt
00:03:13]} 27. Rxc1 {[%clk 00:15:43] [%emt 00:00:07]} Nh7 {[%clk 00:17:01] [%emt
00:04:33]} 28. Na5 {[%clk 00:13:43] [%emt 00:02:30]} Qd8 {[%clk 00:17:18] [%emt
00:00:13]} 29. Bf1 {[%clk 00:11:34] [%emt 00:02:40]} Qf6 {[%clk 00:15:18] [%emt
00:02:29]} 30. Bg2 {[%clk 00:10:27] [%emt 00:01:37]} Nf4 {[%clk 00:14:51] [%emt
00:00:57]} 31. Rc7 {[%clk 00:07:30] [%emt 00:03:28]} hxg3+ {[%clk 00:15:05]
[%emt 00:00:17]} 32. fxg3 {[%clk 00:07:56] [%emt 00:00:04]} Nxg2 {[%clk
00:15:29] [%emt 00:00:06]} 33. Rxd7 {[%clk 00:06:53] [%emt 00:01:33]} Qf1 {[%clk
00:15:31] [%emt 00:00:27]} 0-1

[Site "Europe Echecs"]

[Event "Grand Swiss "]
[Date "2025.09.05"]
[White "Bartel, Mateusz"]
[Black "Mamedov, Rauf"]
[WhiteElo "2581"]
[BlackElo "2651"]
[Round "2.2.43"]
[Result "1-0"]

1. e4 {[%clk 01:40:56] [%emt 00:00:03]} c5 {[%clk 01:40:49] [%emt 00:00:12]} 2.
Nf3 {[%clk 01:41:17] [%emt 00:00:09]} d6 {[%clk 01:41:13] [%emt 00:00:07]} 3.
Bb5+ {[%clk 01:41:25] [%emt 00:00:22]} Bd7 {[%clk 01:41:39] [%emt 00:00:05]} 4.
Bxd7+ {[%clk 01:41:40] [%emt 00:00:14]} Qxd7 {[%clk 01:42:04] [%emt 00:00:06]}
5. O-O {[%clk 01:41:44] [%emt 00:00:25]} Nf6 {[%clk 01:42:24] [%emt 00:00:10]}
6. e5 {[%clk 01:33:44] [%emt 00:08:29]} dxe5 {[%clk 01:42:21] [%emt 00:00:33]}
7. Nxe5 {[%clk 01:34:05] [%emt 00:00:09]} Qc8 {[%clk 01:39:01] [%emt 00:03:51]}
8. Qf3 {[%clk 01:15:07] [%emt 00:19:28]} e6 {[%clk 01:05:59] [%emt 00:33:33]} 9.
b3 {[%clk 01:05:21] [%emt 00:10:15]} Be7 {[%clk 01:01:31] [%emt 00:04:58]} 10.
Bb2 {[%clk 01:03:37] [%emt 00:02:13]} O-O {[%clk 01:01:10] [%emt 00:00:52]} 11.
Nc3 {[%clk 00:57:32] [%emt 00:06:35]} Nfd7 {[%clk 00:58:07] [%emt 00:03:33]} 12.
Nc4 {[%clk 00:52:05] [%emt 00:05:56]} Nc6 {[%clk 00:55:13] [%emt 00:03:25]} 13.
Rae1 {[%clk 00:47:30] [%emt 00:05:04]} Nd4 {[%clk 00:52:05] [%emt 00:03:39]} 14.
Qg3 {[%clk 00:41:55] [%emt 00:06:05]} Qb8 {[%clk 00:40:54] [%emt 00:11:42]} 15.
f4 {[%clk 00:41:43] [%emt 00:00:41]} Qd8 {[%clk 00:40:33] [%emt 00:00:51]} 16.
Qd3 {[%clk 00:40:43] [%emt 00:01:30]} b5 {[%clk 00:25:12] [%emt 00:15:51]} 17.
Ne3 {[%clk 00:39:41] [%emt 00:01:31]} Rb8 {[%clk 00:25:01] [%emt 00:00:41]} 18.
f5 {[%clk 00:30:02] [%emt 00:10:10]} Bh4 {[%clk 00:17:16] [%emt 00:08:15]} 19.
fxe6 {[%clk 00:23:58] [%emt 00:06:34]} Nxe6 {[%clk 00:16:45] [%emt 00:01:01]}
20. Rb1 {[%clk 00:19:48] [%emt 00:04:40]} Nf6 {[%clk 00:09:06] [%emt 00:08:09]}
21. Ncd5 {[%clk 00:17:00] [%emt 00:03:18]} Nxd5 {[%clk 00:09:06] [%emt
00:00:30]} 22. Nxd5 {[%clk 00:17:28] [%emt 00:00:02]} Nc7 {[%clk 00:06:24] [%emt
00:03:12]} 23. Rf5 {[%clk 00:16:38] [%emt 00:01:19]} Nxd5 {[%clk 00:06:14] [%emt
00:00:41]} 24. Rxd5 {[%clk 00:15:30] [%emt 00:01:38]} Qb6 {[%clk 00:05:37] [%emt
00:01:07]} 25. Qe4 {[%clk 00:12:14] [%emt 00:03:46]} Bd8 {[%clk 00:02:28] [%emt
00:03:39]} 26. Rf1 {[%clk 00:11:50] [%emt 00:00:54]} Qg6 {[%clk 00:02:41] [%emt
00:00:17]} 27. Qf4 {[%clk 00:05:34] [%emt 00:06:46]} c4 {[%clk 00:02:57] [%emt
00:00:14]} 28. Kh1 {[%clk 00:04:54] [%emt 00:01:10]} Rc8 {[%clk 00:02:47] [%emt
00:00:40]} 29. Rxb5 {[%clk 00:03:58] [%emt 00:01:25]} cxb3 {[%clk 00:01:52]
[%emt 00:01:25]} 30. cxb3 {[%clk 00:03:55] [%emt 00:00:32]} Qd3 {[%clk 00:01:21]
[%emt 00:01:01]} 31. Rf5 {[%clk 00:03:42] [%emt 00:00:44]} f6 {[%clk 00:01:35]
[%emt 00:00:17]} 32. Bc3 {[%clk 00:03:36] [%emt 00:00:35]} Bb6 {[%clk 00:01:26]
[%emt 00:00:39]} 33. Qg4 {[%clk 00:03:40] [%emt 00:00:26]} Kh8 {[%clk 00:01:39]
[%emt 00:00:17]} 34. R5f3 {[%clk 00:03:13] [%emt 00:00:56]} Qc2 {[%clk 00:01:20]
[%emt 00:00:49]} 35. h4 {[%clk 00:03:16] [%emt 00:00:27]} Rce8 {[%clk 00:01:11]
[%emt 00:00:39]} 36. Rg3 {[%clk 00:02:25] [%emt 00:01:21]} Rg8 {[%clk 00:01:23]
[%emt 00:00:19]} 37. h5 {[%clk 00:01:56] [%emt 00:00:59]} Re4 {[%clk 00:01:12]
[%emt 00:00:40]} 38. Qd7 {[%clk 00:01:48] [%emt 00:00:37]} h6 {[%clk 00:01:19]
[%emt 00:00:24]} 39. Kh2 {[%clk 00:01:14] [%emt 00:01:04]} Rh4+ {[%clk 00:01:05]
[%emt 00:00:44]} 40. Rh3 {[%clk 00:01:43] [%emt 00:00:01]} Rxh3+ {[%clk
00:01:01] [%emt 00:00:34]} 41. Kxh3 {[%clk 00:50:01] [%emt 00:02:11]} Rd8 {[%clk
00:47:12] [%emt 00:04:20]} 42. Qf5 {[%clk 00:48:32] [%emt 00:01:59]} Qxf5+
{[%clk 00:30:45] [%emt 00:16:57]} 43. Rxf5 {[%clk 00:48:24] [%emt 00:00:37]} Kg8
{[%clk 00:31:09] [%emt 00:00:06]} 44. a4 {[%clk 00:44:29] [%emt 00:04:26]} Rd3+
{[%clk 00:31:22] [%emt 00:00:17]} 45. Rf3 {[%clk 00:40:14] [%emt 00:04:45]} Rd5
{[%clk 00:31:42] [%emt 00:00:11]} 46. g4 {[%clk 00:40:38] [%emt 00:00:06]} Kf7
{[%clk 00:32:04] [%emt 00:00:08]} 47. b4 {[%clk 00:41:04] [%emt 00:00:04]} a6
{[%clk 00:32:16] [%emt 00:00:18]} 48. Rf5 {[%clk 00:40:21] [%emt 00:01:12]} Rd3+
{[%clk 00:32:13] [%emt 00:00:34]} 49. Kg2 {[%clk 00:40:48] [%emt 00:00:03]} Ke6
{[%clk 00:30:51] [%emt 00:01:53]} 50. Rf3 {[%clk 00:35:52] [%emt 00:05:24]} Rd5
{[%clk 00:31:16] [%emt 00:00:05]} 51. Rf4 {[%clk 00:36:19] [%emt 00:00:03]} Kd7
{[%clk 00:28:16] [%emt 00:03:31]} 52. Kf3 {[%clk 00:35:01] [%emt 00:01:48]} Ke6
{[%clk 00:26:37] [%emt 00:02:10]} 53. a5 {[%clk 00:24:03] [%emt 00:11:28]} Ba7
{[%clk 00:26:27] [%emt 00:00:40]} 54. Ke4 {[%clk 00:24:31] [%emt 00:00:02]} Rg5
{[%clk 00:26:09] [%emt 00:00:48]} 55. Kd3 {[%clk 00:25:00] [%emt 00:00:02]} Bb8
{[%clk 00:26:19] [%emt 00:00:20]} 56. Re4+ {[%clk 00:24:29] [%emt 00:01:00]} Kd7
{[%clk 00:25:07] [%emt 00:01:42]} 57. Kc4 {[%clk 00:24:57] [%emt 00:00:02]} Bd6
{[%clk 00:21:51] [%emt 00:03:46]} 58. d4 {[%clk 00:22:03] [%emt 00:03:24]} Rb5
{[%clk 00:20:28] [%emt 00:01:53]} 59. d5 {[%clk 00:22:05] [%emt 00:00:28]} Rb8
{[%clk 00:20:32] [%emt 00:00:26]} 60. Bd2 {[%clk 00:21:42] [%emt 00:00:52]} Rb7
{[%clk 00:19:55] [%emt 00:01:08]} 61. Re6 {[%clk 00:19:06] [%emt 00:03:05]} Rc7+
{[%clk 00:19:22] [%emt 00:01:03]} 62. Kd3 {[%clk 00:16:18] [%emt 00:03:16]} Rb7
{[%clk 00:19:50] [%emt 00:00:04]} 63. Re1 {[%clk 00:16:36] [%emt 00:00:11]} Rb5
{[%clk 00:19:39] [%emt 00:00:42]} 64. Kc4 {[%clk 00:16:52] [%emt 00:00:14]} Rb8
{[%clk 00:18:12] [%emt 00:01:57]} 65. Rb1 {[%clk 00:17:06] [%emt 00:00:16]} Rc8+
{[%clk 00:16:03] [%emt 00:02:39]} 66. Kd3 {[%clk 00:17:33] [%emt 00:00:03]} Rb8
{[%clk 00:16:21] [%emt 00:00:12]} 67. b5 {[%clk 00:13:18] [%emt 00:04:45]} axb5
{[%clk 00:16:45] [%emt 00:00:06]} 68. Be3 {[%clk 00:13:42] [%emt 00:00:06]} b4
{[%clk 00:13:09] [%emt 00:04:06]} 69. a6 {[%clk 00:13:08] [%emt 00:01:04]} Rb5
{[%clk 00:13:28] [%emt 00:00:11]} 70. Ra1 {[%clk 00:12:57] [%emt 00:00:41]} b3
{[%clk 00:13:25] [%emt 00:00:33]} 71. a7 {[%clk 00:09:49] [%emt 00:03:38]} b2
{[%clk 00:13:50] [%emt 00:00:05]} 72. a8=Q {[%clk 00:09:38] [%emt 00:00:42]}
Rxd5+ {[%clk 00:14:16] [%emt 00:00:04]} 73. Kc4 {[%clk 00:08:57] [%emt
00:01:11]} bxa1=Q {[%clk 00:14:37] [%emt 00:00:09]} 74. Qxa1 {[%clk 00:09:18]
[%emt 00:00:09]} Re5 {[%clk 00:15:04] [%emt 00:00:03]} 75. Qa7+ {[%clk 00:09:04]
[%emt 00:00:44]} Ke6 {[%clk 00:15:29] [%emt 00:00:05]} 76. Kd3 {[%clk 00:08:44]
[%emt 00:00:49]} Bf8 {[%clk 00:14:58] [%emt 00:01:01]} 77. Bf4 {[%clk 00:06:39]
[%emt 00:02:34]} Rd5+ {[%clk 00:14:49] [%emt 00:00:41]} 78. Ke4 {[%clk 00:07:04]
[%emt 00:00:05]} 1-0

[Site "Europe Echecs"]